000 00376 a2200157 4500
001 70864
020 _a852621506X
040 _cAnchieta - Itaigara
100 _aMachado,Nílson josé
240 1 0 _aSemelhança não é mera coincidência
_lpor
245 1 0 _aSemelhança não é mera coincidência
300 _a39
362 0 _a2000
650 4 _aMatemática
942 _cBK
999 _c70864
_d70864